00801nam a22001697a 4500003000400000005001700004008004100021040002600062082002100088100002400109245008500133260003800218300003100256520030800287546001300595700002300608OSt20260303082508.0260303b |||||||| |||| 00| 0 eng d aDWCL GS library cOC  aFic. D621w 2008  aDixon, Franklin W.  athe hardy boys mystery stories 11b: while the clock ticked cFranklin W. Dixon  aCanada bGroseet & Dunlap cc1932 a174billustrations c19cm  aThe Hardy Boys: While the Clock Ticked (Book 11) follows Frank and Joe Hardy as they investigate death threats against banker Raymond Dalrymple while their father is away. The brothers uncover a conspiracy involving a hidden, secret room in the old Purdy estate, stolen valuables, and a doppelgänger.  aEnglish  aFranklin W. Dixon